000 00547nam a22001817a 4500
005 20251108165529.0
008 250721s1999 xx 000 0 ara d
082 1 4 _aم/210.76/خلي
100 1 _aالبدوي، خليل
245 1 0 _aالموسوعة الإسلامية :
_bألف سؤال و جواب /
264 1 _aعمان :
_bدار اسامه للنشر،
_c1999.
300 _a304ص
650 1 7 _aالإسلام
650 1 7 _aالإسئلة و الأجوبة
650 1 7 _aالموسوعات
942 _2ddc
_cREF
999 _c30078
_d30078